In Bruges / (Record no. 162)
[ view plain ]
| 000 -LEADER | |
|---|---|
| fixed length control field | 02802cgm a22005177a 4500 |
| 001 - CONTROL NUMBER | |
| control field | 15407999 |
| 005 - DATE AND TIME OF LATEST TRANSACTION | |
| control field | 20200421093821.0 |
| 007 - PHYSICAL DESCRIPTION FIXED FIELD--GENERAL INFORMATION | |
| fixed length control field | mr c|aaf||ar|||||------ |
| 007 - PHYSICAL DESCRIPTION FIXED FIELD--GENERAL INFORMATION | |
| fixed length control field | sd |||g||||||| |
| 008 - FIXED-LENGTH DATA ELEMENTS--GENERAL INFORMATION | |
| fixed length control field | 080811s2008 xxk107 mleng |
| 010 ## - LIBRARY OF CONGRESS CONTROL NUMBER | |
| LC control number | 2008635481 |
| 017 ## - COPYRIGHT OR LEGAL DEPOSIT NUMBER | |
| Copyright or legal deposit number | PA0001594670 |
| Assigning agency | U.S. Copyright Office |
| 040 ## - CATALOGING SOURCE | |
| Original cataloging agency | DLC |
| Transcribing agency | DLC |
| Description conventions | amim |
| 050 00 - LIBRARY OF CONGRESS CALL NUMBER | |
| Classification number | CGE 2757-2762 (viewing print) |
| 050 00 - LIBRARY OF CONGRESS CALL NUMBER | |
| Classification number | CGE 2763 (track) |
| 245 00 - TITLE STATEMENT | |
| Title | In Bruges / |
| Statement of responsibility, etc. | a Blueprint Pictures production in association with Scion Films ; directed, written by Martin McDonagh ; produced by Graham Broadbent, Pete Czernin. |
| 257 ## - COUNTRY OF PRODUCING ENTITY | |
| Country of producing entity | Great Britain. |
| 260 ## - PUBLICATION, DISTRIBUTION, ETC. | |
| Place of publication, distribution, etc. | United States : |
| Name of publisher, distributor, etc. | Focus Features, |
| Date of publication, distribution, etc. | 2008. |
| 300 ## - PHYSICAL DESCRIPTION | |
| Extent | 12 film reels of 12 on 6 (ca. 107 min., ca. 9,630 ft.) : |
| Other physical details | sd., col. ; |
| Dimensions | 35 mm. |
| Materials specified | viewing print. |
| 300 ## - PHYSICAL DESCRIPTION | |
| Extent | 2 sound discs : |
| Other physical details | digital, DTS ; |
| Dimensions | 4 3/4 in. |
| Materials specified | track. |
| 500 ## - GENERAL NOTE | |
| General note | Copyright Claimant: Universal City Studios Productions. Date of Creation: 2007; Date of Publication: 2008-02-04; Registration Number / Date: PA0001594670 / 2008-02-12. |
| 500 ## - GENERAL NOTE | |
| General note | Summary from AllMovie.com. |
| 500 ## - GENERAL NOTE | |
| General note | Digital sound on two compact discs stored in one film can (CGE 2763). |
| Institution to which field applies | DLC |
| 500 ## - GENERAL NOTE | |
| General note | Not viewed. |
| 500 ## - GENERAL NOTE | |
| General note | Sources used: Copyright data sheet; Copyright catalog online; Internet movie database, viewed Aug. 11, 2008; Variety, Jan. 28, 2008; AllMovie.com, viewed Sept. 22, 2008; Moviefone.com, viewed Aug. 11, 2008. |
| 508 ## - CREATION/PRODUCTION CREDITS NOTE | |
| Creation/production credits note | Executive producers, Tessa Ross, Jeff Abberley, Julia Blackman ; camera, Eigil Bryld ; editor, Jon Gregory ; music, Carter Burwell ; production designer, Michael Carlin ; art director, Chris Lowe ; set decorator, Anna Lynch-Robinson ; costume designer, Jany Temime ; sound, Alistair Crocker. |
| 511 1# - PARTICIPANT OR PERFORMER NOTE | |
| Participant or performer note | Colin Farrell, Brendan Gleeson, Ralph Fiennes, Clémence Poésy. |
| 520 ## - SUMMARY, ETC. | |
| Summary, etc. | Having just carried out a particularly difficult hit in London, two hitmen seek shelter in Bruges, Belgium, only to find their views on life and death permanently altered by their interactions with the locals, the tourists, and a film crew. |
| 650 #0 - SUBJECT ADDED ENTRY--TOPICAL TERM | |
| Topical term or geographic name entry element | Assassins |
| Form subdivision | Drama. |
| 9 (RLIN) | 186 |
| 651 #0 - SUBJECT ADDED ENTRY--GEOGRAPHIC NAME | |
| Geographic name | Bruges (Belgium) |
| Form subdivision | Drama. |
| 9 (RLIN) | 187 |
| 655 #0 - INDEX TERM--GENRE/FORM | |
| Genre/form data or focus term | Dark comedy films. |
| 9 (RLIN) | 188 |
| 655 #0 - INDEX TERM--GENRE/FORM | |
| Genre/form data or focus term | Crime films. |
| 9 (RLIN) | 189 |
| 655 #0 - INDEX TERM--GENRE/FORM | |
| Genre/form data or focus term | Feature films. |
| 655 #0 - INDEX TERM--GENRE/FORM | |
| Genre/form data or focus term | Fiction films. |
| 700 1# - ADDED ENTRY--PERSONAL NAME | |
| Personal name | McDonagh, Martin, |
| Relator term | direction, |
| -- | writing. |
| 700 1# - ADDED ENTRY--PERSONAL NAME | |
| Personal name | Broadbent, Graham, |
| Relator term | production. |
| 700 1# - ADDED ENTRY--PERSONAL NAME | |
| Personal name | Czernin, Peter, |
| Relator term | production. |
| 700 1# - ADDED ENTRY--PERSONAL NAME | |
| Personal name | Farrell, Colin, |
| Dates associated with a name | 1976- |
| Relator term | cast. |
| 700 1# - ADDED ENTRY--PERSONAL NAME | |
| Personal name | Gleeson, Brendan, |
| Relator term | cast. |
| 700 1# - ADDED ENTRY--PERSONAL NAME | |
| Personal name | Fiennes, Ralph, |
| Relator term | cast. |
| 700 1# - ADDED ENTRY--PERSONAL NAME | |
| Personal name | Poésy, Clémence, |
| Relator term | cast. |
| 710 2# - ADDED ENTRY--CORPORATE NAME | |
| Corporate name or jurisdiction name as entry element | Copyright Collection (Library of Congress) |
| Institution to which field applies | DLC |
| 9 (RLIN) | 197 |
| 906 ## - LOCAL DATA ELEMENT F, LDF (RLIN) | |
| a | 7 |
| b | cbc |
| c | orignew |
| d | u |
| e | ncip |
| f | 20 |
| g | y-movingim |
| 942 ## - ADDED ENTRY ELEMENTS (KOHA) | |
| Source of classification or shelving scheme | Dewey Decimal Classification |
| Koha item type | Books |
| Withdrawn status | Lost status | Damaged status | Not for loan | Collection | Home library | Current library | Shelving location | Date acquired | Barcode | Date last seen | Price effective from | Koha item type |
|---|---|---|---|---|---|---|---|---|---|---|---|---|
| Non-fiction | Centerville | Centerville | Audio visual | 09/04/2014 | 39999000006858 | 09/04/2014 | 09/04/2014 | Visual Materials | ||||
| Non-fiction | Fairview | Fairview | Audio visual | 09/04/2014 | 39999000006919 | 09/04/2014 | 09/04/2014 | Visual Materials | ||||
| Non-fiction | Midway | Midway | Audio visual | 09/04/2014 | 39999000006872 | 09/04/2014 | 09/04/2014 | Visual Materials | ||||
| Non-fiction | Midway | Midway | Audio visual | 09/04/2014 | 39999000006896 | 09/04/2014 | 09/04/2014 | Visual Materials |